La contabilidad del Estado (Record no. 161881)

MARC details
000 -LEADER
campo de control de longitud fija 00870nam a2200205 i 4500
001 - NÚMERO DE CONTROL
campo de control 161881
003 - IDENTIFICADOR DE NÚMERO DE CONTROL
campo de control ES-MaACL
005 - FECHA Y HORA DE LA ÚLTIMA TRANSACCIÓN
campo de control 20250826051300.0
008 - DATOS DE LONGITUD FIJA--INFORMACIÓN GENERAL
campo de control de longitud fija 990325s1887 sp |||| | spa d
100 1# - ENTRADA PRINCIPAL--NOMBRE DE PERSONA
Nombre de persona Pérez Gayoso, José.
9 (RLIN) 131464
245 13 - MENCIÓN DEL TÍTULO
Título La contabilidad del Estado
Resto del título : defectos de que adolece y modo de subsanarlos /
Mención de responsabilidad, etc. por José Pérez Gayoso ; [prólogo de Fermín Martín Suárez].
250 ## - MENCION DE EDICION
Mención de edición 2ª ed.
260 ## - PUBLICACIÓN, DISTRIBUCIÓN, ETC.
Lugar de publicación, distribución, etc. Madrid :
Nombre del editor, distribuidor, etc. [s.n.],
Fecha de publicación, distribución, etc. 1887 (
Fabricante Imp. de Alfonso Rodero)
300 ## - DESCRIPCIÓN FÍSICA
Extensión XII, 83 p., [1] h. de lám. retr. autor ;
Dimensiones 17 cm.
650 #7 - PUNTO DE ACCESO ADICIONAL DE MATERIA--TÉRMINO DE MATERIA
Término de materia o nombre geográfico como elemento de entrada Hacienda pública-
Subdivisión geográfica España
Fuente del encabezamiento o término
9 (RLIN) 13281
650 00 - PUNTO DE ACCESO ADICIONAL DE MATERIA--TÉRMINO DE MATERIA
Término de materia o nombre geográfico como elemento de entrada Hacienda pública-
Subdivisión geográfica España-
Subdivisión cronológica S.XIX
9 (RLIN) 227084
700 1# - ENTRADA AGREGADA--NOMBRE PERSONAL
Nombre de persona Suárez Sacristán, Fermín Martín.
9 (RLIN) 132974
852 ## - LOCALIZACIÓN
Ubicación ES-MaACL
Número de control de estantería T-480-F-11
Nota libre - Enc. hol., falto de cub. original
-- - Enc. en un vol. facticio
Holdings
Estatus retirado Estado de pérdida Estado de daño No para préstamo Colección Biblioteca de origen Biblioteca actual Ubicación en estantería Fecha de adquisición Total de préstamos Signatura topográfica completa Código de barras Visto por última vez Precio de reemplazo Tipo de ítem Koha
        Colección de folletos Biblioteca del Ateneo de Madrid Biblioteca del Ateneo de Madrid Depósito folletos 17/01/2008   T-480-F-11 1169572 23/02/2023 23/02/2023 Folleto